| 000 | 00871nam a2200193 a 4500 | ||
|---|---|---|---|
| 005 | 20140412111250.0 | ||
| 008 | 010326s19uu xx 00 eng d | ||
| 020 | _a1-56565-570-2 | ||
| 050 |
_aTR(GS 372.6 _bK63 1997 |
||
| 100 | _aKoerner, Julie | ||
| 245 |
_aStory starters: stories about animals / _cwritten by Julie Koerner ; illustrated by Leo Abbett. |
||
| 260 |
_aLos Angeles : _bLowell House Juvenile, _c1997. |
||
| 300 | _a62 p. ; ill. | ||
| 440 | _aGifted & Talented Series | ||
| 520 | _aGifted & Talented Story Starters: Stories About Animals will help develop your child's natural talents and gifts by providing story-telling and writing activties to enhance critical and creative thinking skills. These skills of logic and reasoning teach children how to think. | ||
| 650 | _aStory telling activities | ||
| 650 | _aWriting activities | ||
| 999 |
_c103091 _d103091 |
||